[Event "ISL-chT 1314"]
[Site "Reykjavik"]
[Date "2014.03.01"]
[Round "8.1"]
[White "Bjornsson, Eirikur K"]
[Black "Vidarsson, Jon Gardar"]
[Result "0-1"]
[WhiteElo "1958"]
[BlackElo "2327"]
[PlyCount "81"]
[EventDate "2013.10.10"]
[EventType "team-tourn"]
[EventRounds "9"]
[EventCountry "ISL"]
[SourceTitle "EXT 2015"]
[Source "ChessBase"]
[SourceDate "2014.11.20"]
[SourceVersion "1"]
[SourceVersionDate "2014.11.20"]
[SourceQuality "1"]
[WhiteTeam "Reykjavik II"]
[BlackTeam "Akureyri"]
[WhiteTeamCountry "ISL"]
[BlackTeamCountry "ISL"]

1. d4 d5 2. c4 c6 3. Nf3 Nf6 4. Qc2 g6 5. Bf4 Bg7 6. e3 0-0 7. Nc3 Na6 8. a3 c5 9. Rd1 Bf5 10. Qb3 dxc4 11. Bxc4 Qb6 12. Qxb6 axb6 13. Nd5 Nxd5 14. Bxd5 Ra7 15. 0-0 e6 16. Bc4 Bg4 17. Be2 cxd4 18. exd4 Rd8 19. h3 Bf5 20. Bg5 f6 21. Bf4 Be4 22. Bc4 Bd5 23. Bxd5 Rxd5 24. Rc1 Ra8 25. Rc2 g5 26. Bc7 b5 27. Rfc1 h5 28. Bb6 g4 29. hxg4 hxg4 30. Nh4 f5 31. Rc8+ Rxc8 32. Rxc8+ Kf7 33. Rc2 Rd6 34. Ba7 Rc6 35. Rxc6 bxc6 36. Kf1 Ke7 37. Ke2 Kd7 38. Kd3 Kc7 39. b3 Bf8 40. a4 Kb7 41. Bc5 0-1

[Event "Reykjavik op"]
[Site "Reykjavik"]
[Date "2012.03.10"]
[Round "5"]
[White "Vaarala, Eric"]
[Black "Bjornsson, Eirikur K"]
[Result "1-0"]
[WhiteElo "2241"]
[BlackElo "2000"]
[PlyCount "93"]
[EventDate "2012.03.06"]
[EventType "swiss"]
[EventRounds "9"]
[EventCountry "ISL"]
[SourceTitle "CBM 147 Extra"]
[Source "ChessBase"]
[SourceDate "2012.04.24"]
[SourceVersion "1"]
[SourceVersionDate "2012.04.24"]
[SourceQuality "1"]

1. c4 Nf6 2. Nc3 g6 3. g3 Bg7 4. Bg2 0-0 5. d4 d6 6. Nf3 Nbd7 7. 0-0 e5 8. d5 Qe8 9. Nd2 h6 10. Rb1 a5 11. a3 Nh5 12. e4 Nc5 13. b4 axb4 14. axb4 Nd3 15. Qe2 Nxc1 16. Rfxc1 Bd7 17. c5 f5 18. Nc4 Qe7 19. cxd6 cxd6 20. Nb6 Ra6 21. Nxd7 Qxd7 22. exf5 Qf7 23. fxg6 Qxg6 24. Ne4 Nf6 25. Nxf6+ Bxf6 26. Be4 Qg7 27. b5 Raa8 28. Bf5 Bd8 29. Be6+ Kh8 30. Rc4 Bb6 31. Rf1 Ra3 32. Kg2 Qf6 33. f4 Re3 34. Qh5 Bc5 35. f5 e4 36. Rf4 Qg5 37. Qxg5 hxg5 38. Rfxe4 Rxe4 39. Rxe4 Kg7 40. Kf3 Rh8 41. h3 Kf6 42. Bd7 Rd8 43. Be8 Ra8 44. Re6+ Kg7 45. f6+ Kf8 46. Bg6 Ra3+ 47. Kg4 1-0

[Event "Reykjavik op"]
[Site "Reykjavik"]
[Date "2012.03.09"]
[Round "4"]
[White "Bjornsson, Eirikur K"]
[Black "Edakina, Maria"]
[Result "1-0"]
[WhiteElo "2000"]
[BlackElo "1657"]
[PlyCount "74"]
[EventDate "2012.03.06"]
[EventType "swiss"]
[EventRounds "9"]
[EventCountry "ISL"]
[SourceTitle "CBM 147 Extra"]
[Source "ChessBase"]
[SourceDate "2012.04.24"]
[SourceVersion "1"]
[SourceVersionDate "2012.04.24"]
[SourceQuality "1"]

1. c4 c5 2. g3 Nc6 3. Bg2 Nf6 4. Nc3 d6 5. a3 Qb6 6. Rb1 e6 7. e3 Bd7 8. Nge2 Ne5 9. d3 Bc6 10. e4 Be7 11. 0-0 0-0 12. h3 Rfd8 13. b3 Ng6 14. f4 d5 15. e5 Ne8 16. cxd5 exd5 17. Kh2 d4 18. Ne4 a5 19. Bd2 Qa6 20. Qc2 Bb5 21. Nc1 Rac8 22. a4 Bc6 23. Qd1 b5 24. axb5 Bxb5 25. Qe2 Ra8 26. f5 Nxe5 27. Nxc5 Bxc5 28. Qxe5 Bd6 29. Qe2 Bc6 30. Ra1 Bxg2 31. Qxg2 Qb6 32. Ra4 Ra6 33. Bf4 Bb4 34. Rf2 Qc6 35. Rc2 Qxg2+ 36. Kxg2 Rda8 37. Rc4 Rc8 1-0

[Event "Reykjavik op"]
[Site "Reykjavik"]
[Date "2012.03.06"]
[Round "1"]
[White "Libiszewski, Fabien"]
[Black "Bjornsson, Eirikur K"]
[Result "1-0"]
[WhiteElo "2523"]
[BlackElo "2000"]
[PlyCount "78"]
[EventDate "2012.03.06"]
[EventType "swiss"]
[EventRounds "9"]
[EventCountry "ISL"]
[SourceTitle "CBM 147 Extra"]
[Source "ChessBase"]
[SourceDate "2012.04.24"]
[SourceVersion "1"]
[SourceVersionDate "2012.04.24"]
[SourceQuality "1"]

1. e4 c5 2. Nf3 Nc6 3. Bb5 g6 4. 0-0 Bg7 5. Re1 Nf6 6. e5 Nd5 7. Nc3 Nc7 8. Bxc6 bxc6 9. d4 cxd4 10. Qxd4 0-0 11. Qh4 f6 12. Bh6 d5 13. exd6 exd6 14. Bxg7 Kxg7 15. Nd4 Bd7 16. Ne4 c5 17. Nxd6 cxd4 18. Nb7 Qb8 19. Re7+ Rf7 20. Rxf7+ Kxf7 21. Qxh7+ Kf8 22. Nd6 Be6 23. Re1 Qxb2 24. Qxc7 Qb4 25. Rd1 Qb6 26. Qxb6 axb6 27. Nb5 Rxa2 28. Nxd4 Bd5 29. h4 Kf7 30. f3 Ra8 31. Kf2 Rh8 32. g3 g5 33. Rh1 Rd8 34. Ke3 Re8+ 35. Kd2 Rd8 36. Kc3 Re8 37. hxg5 fxg5 38. Rb1 Rd8 39. Kd3 Ke8 1-0